Statistics for Countries with the most deaths

Click here to take the quiz!

General Stats

  • This quiz has been taken 12 times
  • The average score is 4 of 5

Answer Stats

Clue and hintAnswer% Correct
A country bordering Canada and MexicoUSA
100%
A country that touches Andorra and SpainFrance
83%
India’s nightmareChina
67%
A country that wars with UKGermany
67%
A country that China hatesUK
67%

Score Distribution

Percentile by Number Answered

Percent of People with Each Score

Your Score History

You have not taken this quiz